Tareekh Nama-e-Haraat (urdu) (Record no. 311749)
[ view plain ]
| 000 -LEADER | |
|---|---|
| fixed length control field | 00408 a2200145 4500 |
| 001 - CONTROL NUMBER | |
| control field | 76676 |
| 003 - CONTROL NUMBER IDENTIFIER | |
| control field | NUST |
| 005 - DATE AND TIME OF LATEST TRANSACTION | |
| control field | 20170510200648.0 |
| 008 - FIXED-LENGTH DATA ELEMENTS--GENERAL INFORMATION | |
| fixed length control field | 170510b xxu||||| |||| 00| 0 eng d |
| 020 ## - INTERNATIONAL STANDARD BOOK NUMBER | |
| International Standard Book Number | 9789695032831 |
| 040 ## - CATALOGING SOURCE | |
| Transcribing agency | NUST |
| 082 ## - DEWEY DECIMAL CLASSIFICATION NUMBER | |
| Classification number | 958.1 YAQ |
| 100 ## - MAIN ENTRY--PERSONAL NAME | |
| Personal name | Saif Bin Muhammad Bin Yaqub Al Hervi |
| 9 (RLIN) | 371 |
| 245 ## - TITLE STATEMENT | |
| Title | Tareekh Nama-e-Haraat (urdu) |
| Statement of responsibility, etc. | Saif Bin Muhammad Bin Yaqub Al Hervi |
| Medium | Urdu |
| 260 ## - PUBLICATION, DISTRIBUTION, ETC. | |
| Place of publication, distribution, etc. | Lahore |
| Name of publisher, distributor, etc. | Al-Faisal Nashran |
| Date of publication, distribution, etc. | 2009 |
| 300 ## - PHYSICAL DESCRIPTION | |
| Extent | 652p |
| 600 ## - SUBJECT ADDED ENTRY--PERSONAL NAME | |
| Personal name | Sultan Altaf Ali |
| 9 (RLIN) | 372 |
| 942 ## - ADDED ENTRY ELEMENTS (KOHA) | |
| Institution code [OBSOLETE] | caenust |
| Call number prefix | 958.1 YAQ |
| Source of classification or shelving scheme | |
| Koha item type | Book |
| Withdrawn status | Lost status | Damaged status | Not for loan | Collection code | Permanent Location | Current Location | Date acquired | Total Checkouts | Full call number | Barcode | Date last seen | Price effective from | Koha item type |
|---|---|---|---|---|---|---|---|---|---|---|---|---|---|
| College of Aeronautical Engineering (CAE) | College of Aeronautical Engineering (CAE) | 04/03/2017 | 958.1 YAQ | CAE82136 | 04/05/2017 | 04/05/2017 | Book |
